A tale of two agents (Record no. 68384)

MARC details
000 -LEADER
fixed length control field 00939cam a2200205 4500
001 - CONTROL NUMBER
control field WB3736-28
008 - FIXED-LENGTH DATA ELEMENTS--GENERAL INFORMATION
fixed length control field 010926n2001 000 0 eng u
035 ## - SYSTEM CONTROL NUMBER
System control number (Sirsi) u114854
245 #2 - TITLE STATEMENT
Title A tale of two agents
260 ## - PUBLICATION, DISTRIBUTION, ETC.
Date of publication, distribution, etc. 2001
490 ## - SERIES STATEMENT
Series statement Estates Gazette
Volume/sequential designation (0138) 22 September 2001, 189(1)
520 ## - SUMMARY, ETC.
Summary, etc. A recent case, "H R L Property Management Services Ltd v Chequers of Kensington Ltd", involved a dispute over agents' fees where the court ruled in favour of the second agent. The issue raised is not who was first but who was the effective cause in selling the property. The implication is that being first may raise an inference but it is not conclusive.
590 ## - LOCAL NOTE (RLIN)
Local note WB
650 ## - SUBJECT ADDED ENTRY--TOPICAL TERM
Topical term or geographic name entry element H R L PROPERTY MANAGEMENT SERVICES LTD V CHEQUERS OF KENSINGTON LTD
650 ## - SUBJECT ADDED ENTRY--TOPICAL TERM
Topical term or geographic name entry element ESTATE AGENTS' COMMISSION
650 ## - SUBJECT ADDED ENTRY--TOPICAL TERM
Topical term or geographic name entry element EFFECTIVE CAUSE
650 ## - SUBJECT ADDED ENTRY--TOPICAL TERM
Topical term or geographic name entry element PROPERTY SALES
690 ## - LOCAL SUBJECT ADDED ENTRY--TOPICAL TERM (OCLC, RLIN)
Topical term or geographic name as entry element PROPERTY AND LAND LAW-AGENCY-CASE LAW
942 ## - ADDED ENTRY ELEMENTS (KOHA)
Suppress in OPAC 0
Holdings
Withdrawn status Lost status Source of classification or shelving scheme Damaged status Not for loan Home library Current library Shelving location Date acquired Total Checkouts Full call number Barcode Date last seen Copy number Price effective from Koha item type
    Dewey Decimal Classification     London London News article 26/09/2001   WB3736-28 114854-1001 06/08/2019 1 06/08/2019 News article